000 00608cam a22001933a 4500
001 44119
003 PGUSA
005 20140828084014.0
008 131106s2013||||xxu|||||s|||||000 | eng d
040 _aPGUSA
_beng
042 _adc
245 1 0 _aJesus, The Messiah; or, the Old Testament Prophecies Fulfilled in the New Testament Scriptures, by a Lady
_h[electronic resource] /
_cAnonymous
260 _bProject Gutenberg,
_c2013
506 _aPublic domain in the USA.
516 _aElectronic text
830 0 _aProject Gutenberg
_v44119
856 4 0 _uhttp://www.gutenberg.org/ebooks/44119
942 _cEB
999 _c273370
_d273370